[Event "OHS 2020"]
[Site "Herne-Sodingen"]
[Date "2020.02.10"]
[Round "3.7"]
[White "Czarnik, Jozef"]
[Black "Schicktanz, Florian"]
[Result "1/2-1/2"]
[WhiteElo "1897"]
[BlackElo "1748"]
[PlyCount "93"]
[EventDate "2020.??.??"]
[WhiteTeam "SV Königsspringer Halt"]
[BlackTeam "SV Erkenschwick 1923 e"]

1. e4 c5 2. Nf3 Nc6 3. Bb5 d6 4. Bxc6+ bxc6 5. O-O e5 6. d3 Nf6 7. Nbd2 Be6 8.
Ng5 Bd7 9. f4 Bg4 10. Qe1 exf4 11. Rxf4 h6 12. Nh3 Bxh3 13. gxh3 Be7 14. Nc4
O-O 15. Rf5 Kh7 16. e5 dxe5 17. Qxe5 Qd4+ 18. Be3 Qxe5 19. Rxe5 Nd5 20. Bf2 Bf6
21. Re4 Bd4 22. Rae1 Nf6 23. Re7 Nd5 24. Rb7 Bxf2+ 25. Kxf2 Nb4 26. Ne3 f5 27.
Ng2 Nxc2 28. Ree7 Rg8 29. Nf4 Rab8 30. Rxa7 Rxb2 31. Nh5 Nd4+ 32. Kg3 f4+ 33.
Kxf4 Rf8+ 34. Kg4 Rg2+ 35. Ng3 Nf5 36. Re2 Rg1 37. h4 h5+ 38. Kh3 Nxg3 39. hxg3
Rf3 40. Rg2 Rh1+ 41. Rh2 Rxh2+ 42. Kxh2 Rxd3 43. Ra5 Rd2+ 44. Kh3 Rd5 45. Ra6
Rd6 46. Ra5 Rd5 47. Ra6 1/2-1/2

[Event "OHS 2020"]
[Site "Herne-Sodingen"]
[Date "2020.02.10"]
[Round "3.8"]
[White "Tolksdorf, Jürgen"]
[Black "Wolff, Christoph"]
[Result "0-1"]
[WhiteElo "1679"]
[BlackElo "1964"]
[PlyCount "78"]
[EventDate "2020.??.??"]
[WhiteTeam "SG Höntrop 1947"]
[BlackTeam "SC Buer-Hassel 1919 e. V."]

1. e4 c5 2. Nf3 d6 3. c3 Nf6 4. Bb5+ Bd7 5. Bxd7+ Qxd7 6. d3 e6 7. O-O Be7 8.
Nbd2 O-O 9. h3 Nc6 10. a3 Qc7 11. Re1 Rac8 12. Nf1 Rfd8 13. Bf4 Qb6 14. Qe2 d5
15. e5 Nd7 16. d4 cxd4 17. cxd4 Nxd4 18. Nxd4 Qxd4 19. Bg3 Nb6 20. Ne3 Nc4 21.
Nxc4 Rxc4 22. b3 Rc3 23. Rad1 Qb6 24. Kh2 Rdc8 25. Rd3 Qxb3 26. Rc1 Bxa3 27.
Rcxc3 Rxc3 28. Rxc3 Qxc3 29. Qb5 Qc6 30. Qd3 Be7 31. f4 b5 32. f5 exf5 33. Qxf5
Qe6 34. Qf2 Qd7 35. h4 d4 36. Qf3 d3 37. Qa8+ Qd8 38. Qf3 d2 39. Qd1 Bxh4 0-1

[Event "OHS 2020"]
[Site "Herne-Sodingen"]
[Date "2020.02.10"]
[Round "3.9"]
[White "Picker, Andre"]
[Black "Melmer, Felix"]
[Result "0-1"]
[WhiteElo "1559"]
[BlackElo "1833"]
[PlyCount "82"]
[EventDate "2020.??.??"]
[WhiteTeam "SC an der Uni Bochum 196"]
[BlackTeam "SC Gerthe 46 - Werne"]

1. d4 d5 2. e3 Nf6 3. Nc3 g6 4. g3 Bg7 5. Bg2 c6 6. Nge2 Nbd7 7. O-O O-O 8. b3
e5 9. dxe5 Nxe5 10. f3 Re8 11. Na4 b5 12. Nc5 Nfd7 13. Nxd7 Bxd7 14. Rb1 Qb6
15. Kh1 Be6 16. Qd2 Rad8 17. Bb2 c5 18. a4 b4 19. Qe1 Bc8 20. Nf4 Ba6 21. Rf2
Nc6 22. Rd2 d4 23. e4 Bh6 24. Bf1 Ne5 25. Qf2 Bb7 26. Rdd1 Nxf3 27. Nd5 Bxd5
28. exd5 Ne5 29. Bg2 Ng4 30. Qg1 Be3 31. Qf1 Nf2+ 32. Kg1 Nxd1+ 33. Kh1 Nf2+
34. Kg1 Ng4+ 35. Kh1 Qf6 36. Bf3 Nf2+ 37. Kg2 Qf5 38. g4 Qxc2 39. Kg3 g5 40.
Ba1 Bf4+ 41. Kg2 Nxg4+ 0-1

[Event "OHS 2020"]
[Site "Herne-Sodingen"]
[Date "2020.02.10"]
[Round "3.10"]
[White "Boost, Jürgen"]
[Black "Dreckmann, Günter"]
[Result "0-1"]
[WhiteElo "1807"]
[BlackElo "1671"]
[PlyCount "52"]
[EventDate "2020.??.??"]
[WhiteTeam "SC Gerthe 46 - Werne"]
[BlackTeam "SV Königsspringer Halt"]

1. e4 d5 2. exd5 Nf6 3. d4 Bg4 4. f3 Bf5 5. c4 c6 6. Nc3 Qb6 7. d6 exd6 8. Bd3
Bxd3 9. Qxd3 d5 10. c5 Qd8 11. Nge2 Be7 12. O-O b6 13. cxb6 axb6 14. Ng3 O-O
15. Nf5 Re8 16. Nxe7+ Qxe7 17. Bg5 Nbd7 18. g3 Qd6 19. a3 Re6 20. Rfe1 c5 21.
Kf2 c4 22. Nb5 cxd3 23. Nxd6 Rxd6 24. Rad1 Re6 25. Rxd3 Rc8 26. Rxe6 fxe6 0-1

[Event "OHS 2020"]
[Site "Herne-Sodingen"]
[Date "2020.02.10"]
[Round "3.11"]
[White "Brodt, Andreas"]
[Black "Gritzan, Ulrich"]
[Result "0-1"]
[WhiteElo "1534"]
[BlackElo "1805"]
[PlyCount "106"]
[EventDate "2020.??.??"]
[WhiteTeam "SC Gerthe 46 - Werne"]
[BlackTeam "SF Gelsenkirchen 2002"]

1. e4 c5 2. Nf3 Nc6 3. c3 d5 4. e5 d4 5. Bb5 Bg4 6. Bxc6+ bxc6 7. d3 e6 8. Bg5
Be7 9. Bxe7 Nxe7 10. h3 Bh5 11. c4 Qb8 12. Qe2 Bxf3 13. gxf3 Ng6 14. b3 Qxe5
15. Qe4 O-O 16. Kd2 Qg5+ 17. Kc2 Qg2 18. Nd2 Qxf2 19. Raf1 Qh4 20. f4 Ne7 21.
Nf3 Qh5 22. Rhg1 Qf5 23. Qxf5 Nxf5 24. Kd2 f6 25. Rf2 a5 26. a4 Rab8 27. Kc2
Rb7 28. Nd2 Rfb8 29. Re2 Kf7 30. Rge1 Ne3+ 31. Kb2 g6 32. Ka2 Nc2 33. Rb1 Nb4+
34. Ka3 Nxd3 35. Ne4 Kg7 36. Nd6 Rd7 37. Rxe6 Nxf4 38. Ne8+ Kf7 39. Rxf6+ Kxe8
40. Rxf4 d3 41. Re1+ Kd8 42. Rf2 Kc7 43. Rd2 Rf8 44. Re3 Rfd8 45. Kb2 Rd4 46.
Kc3 R8d7 47. Rexd3 Rxd3+ 48. Rxd3 Rxd3+ 49. Kxd3 Kd6 50. Ke4 Ke6 51. h4 h6 52.
Kf4 Kf6 53. h5 gxh5 0-1

[Event "OHS 2020"]
[Site "Herne-Sodingen"]
[Date "2020.02.10"]
[Round "3.12"]
[White "Kowalczyk, Frank"]
[Black "Deutschmann, Jürgen"]
[Result "1/2-1/2"]
[WhiteElo "1754"]
[BlackElo "1580"]
[PlyCount "95"]
[EventDate "2020.??.??"]
[WhiteTeam "SK Sodingen/Castrop 24/23 e. V."]
[BlackTeam "SV Hattingen e. V."]

1. e4 c6 2. d4 d5 3. e5 c5 4. c3 e6 5. Nf3 Nc6 6. Be2 Bd7 7. O-O Nge7 8. a3 Nf5
9. dxc5 Bxc5 10. Bd3 Nfe7 11. Bc2 b5 12. Bf4 Ng6 13. Bg3 a5 14. h4 Be7 15. h5
Nh4 16. Nbd2 Nxf3+ 17. Nxf3 h6 18. Nd4 Nxd4 19. Qxd4 Rc8 20. Qg4 O-O 21. Bd3 b4
22. cxb4 axb4 23. axb4 Qb6 24. Rfb1 Bb5 25. Bxb5 Qxb5 26. Bf4 Qxb4 27. Qg3 Kh8
28. Qe3 Bc5 29. Qd2 Qxd2 30. Bxd2 Bd4 31. Bc3 Bxc3 32. bxc3 Kh7 33. Rc1 Rc4 34.
f3 Rfc8 35. Ra7 R4c7 36. Rxc7 Rxc7 37. Kf2 g6 38. hxg6+ Kxg6 39. g4 Kg5 40. Kg3
Rc4 41. Rc2 d4 42. f4+ Kg6 43. f5+ exf5 44. gxf5+ Kxf5 45. Rf2+ Kxe5 46. cxd4+
Rxd4 47. Rxf7 Rd6 48. Kg4 1/2-1/2

[Event "OHS 2020"]
[Site "Herne-Sodingen"]
[Date "2020.02.10"]
[Round "3.13"]
[White "Wingerning, Gerd"]
[Black "Deno, Thomas"]
[Result "1-0"]
[WhiteElo "1740"]
[BlackElo "1377"]
[PlyCount "51"]
[EventDate "2020.??.??"]
[WhiteTeam "SC Buer-Hassel 1919 e. V."]
[BlackTeam "SC Buer-Hassel 1919 e. V."]

1. e4 d6 2. d4 Nf6 3. Nc3 g6 4. Be2 Bg7 5. Be3 a6 6. Qd2 O-O 7. O-O-O Nc6 8.
Bh6 b5 9. f3 e5 10. d5 Nd4 11. h4 b4 12. Nb1 a5 13. h5 Nxh5 14. Bxg7 Kxg7 15.
Bc4 Ba6 16. Bxa6 Rxa6 17. g4 Nf4 18. Qh2 h5 19. Rxd4 Ne2+ 20. Nxe2 exd4 21.
gxh5 Qg5+ 22. f4 Qh6 23. Qg1 c5 24. hxg6 Qxg6 25. Qh2 Kf6 26. Qh4+ 1-0

[Event "OHS 2020"]
[Site "Herne-Sodingen"]
[Date "2020.02.10"]
[Round "3.14"]
[White "Deppe, Stephan"]
[Black "Olbrich, Peter"]
[Result "0-1"]
[WhiteElo "1109"]
[BlackElo "1717"]
[PlyCount "129"]
[EventDate "2020.??.??"]
[WhiteTeam "SC an der Uni Bochum 196"]
[BlackTeam "SF Gelsenkirchen 2002"]

1. e4 e6 2. d4 d5 3. Nc3 Bb4 4. e5 c5 5. a3 Bxc3+ 6. bxc3 Ne7 7. Bg5 Qc7 8. Nf3
Nbc6 9. Be2 cxd4 10. cxd4 Bd7 11. O-O Nf5 12. c3 h6 13. Bd2 g5 14. Ne1 Nce7 15.
f4 gxf4 16. Rxf4 Ng6 17. Rf1 Rg8 18. Bd3 Rc8 19. Nc2 Ngh4 20. Rf2 Ba4 21. Qe1
Rxg2+ 22. Kh1 Bxc2 23. Bxc2 Rxf2 24. Qxf2 Ke7 25. Rg1 Qc4 26. Bxf5 Nxf5 27.
Bxh6 Qd3 28. Bg5+ Kd7 29. Bd2 Rh8 30. Rg2 Qe4 31. Qf4 Qd3 32. Rg1 Rh4 33. Qf2
Qe4+ 34. Rg2 Rh3 35. Kg1 Rf3 36. Qe2 Qb1+ 37. Qe1 Qb3 38. Qc1 Nh4 39. Rf2 Qa2
40. Be1 Rxf2 41. Bxf2 Nf3+ 42. Kg2 Qe2 43. Qe3 Ne1+ 44. Kg3 Qd3 45. Qxd3 Nxd3
46. Be3 Ke7 47. Bg5+ Kf8 48. h4 b5 49. h5 Kg7 50. Kg4 a5 51. Be7 Nf2+ 52. Kg5
Ne4+ 53. Kg4 Nxc3 54. Bf6+ Kg8 55. Bg5 b4 56. axb4 axb4 57. Bc1 b3 58. Bb2 Na4
59. Bc1 b2 60. Bxb2 Nxb2 61. Kg5 Nd3 62. h6 Kh7 63. Kf6 Nf4 64. Kxf7 Kxh6 65.
Kg8 0-1

[Event "OHS 2020"]
[Site "Herne-Sodingen"]
[Date "2020.02.10"]
[Round "3.15"]
[White "Klein, Andreas"]
[Black "Scheithauer, Ralf"]
[Result "1-0"]
[WhiteElo "1699"]
[BlackElo "1313"]
[PlyCount "37"]
[EventDate "2020.??.??"]
[WhiteTeam "SF Gelsenkirchen 2002"]
[BlackTeam "Bochumer SV 02"]

1. e4 e5 2. Bc4 Nc6 3. Nf3 Be7 4. d3 d6 5. c3 Nf6 6. Bb3 O-O 7. Nbd2 Bg4 8. Nf1
Qc8 9. h3 Bh5 10. Ng3 Bg6 11. O-O Nd8 12. Re1 h6 13. Nh4 Bh7 14. Ngf5 Bxf5 15.
Nxf5 Re8 16. Qf3 Ne6 17. Bxh6 g6 18. Nxe7+ Rxe7 19. Qxf6 1-0

[Event "OHS 2020"]
[Site "Herne-Sodingen"]
[Date "2020.02.10"]
[Round "3.16"]
[White "Gausmann, Thomas"]
[Black "Wolff, Manuela"]
[Result "1-0"]
[WhiteElo "1681"]
[BlackElo "738"]
[PlyCount "21"]
[EventDate "2020.??.??"]
[WhiteTeam "SG Bochum 1931"]
[BlackTeam "SC Buer-Hassel 1919 e. V."]

1. e4 e5 2. Bc4 Qe7 3. Nf3 f6 4. Nc3 Nc6 5. O-O d6 6. d4 Bd7 7. Nd5 Qd8 8. dxe5
dxe5 9. Nh4 g6 10. f4 Nge7 11. Nxf6# 1-0

[Event "OHS 2020"]
[Site "Herne-Sodingen"]
[Date "2020.02.10"]
[Round "3.17"]
[White "Berthy, Andreas"]
[Black "Jähnicke, Karl-Heinz"]
[Result "0-1"]
[WhiteElo "1605"]
[BlackElo "1742"]
[PlyCount "96"]
[EventDate "2020.??.??"]
[WhiteTeam "vereinslos"]
[BlackTeam "SV Rochade Eving 25/64"]

1. e4 d6 2. c4 Nf6 3. Nc3 g6 4. d4 Bg7 5. h3 c6 6. Be3 O-O 7. Nf3 Nbd7 8. Be2
Qc7 9. Qd2 a5 10. Bh6 a4 11. Bxg7 Kxg7 12. O-O e5 13. Rac1 Re8 14. d5 Nc5 15.
Qc2 Bd7 16. Nd2 Qb6 17. Kh2 cxd5 18. cxd5 Rac8 19. Nc4 Qc7 20. f3 b5 21. Ne3 b4
22. Nb5 Qb8 23. Nxd6 Qxd6 24. Qd2 Qb8 25. Nc4 b3 26. a3 Bb5 27. Rc3 Bxc4 28.
Rxc4 Qd6 29. Rfc1 Nfd7 30. R4c3 Rb8 31. Qe3 Rec8 32. g3 h6 33. f4 exf4 34. gxf4
Rc7 35. Bg4 Rbc8 36. Qd4+ Kg8 37. e5 Qb6 38. Bxd7 Rxd7 39. Rxc5 Rcd8 40. Qc4
Rxd5 41. Kg2 Rd2+ 42. Kf1 R8d4 43. Rc8+ Kg7 44. Qc5 Qa6+ 45. Rc4 Qxc4+ 46. Qxc4
Rxc4 47. Rxc4 Rxb2 48. Rxa4 Ra2 0-1

[Event "OHS 2020"]
[Site "Herne-Sodingen"]
[Date "2020.02.10"]
[Round "3.18"]
[White "Krolik, Wilfried"]
[Black "Bock, Oswin"]
[Result "1-0"]
[WhiteElo "1503"]
[BlackElo "1426"]
[PlyCount "107"]
[EventDate "2020.??.??"]
[WhiteTeam "SV Waltrop 1922 e. V."]
[BlackTeam "SG Höntrop 1947"]

1. e4 e6 2. Nc3 g6 3. d4 Bg7 4. Nf3 d6 5. Be3 Ne7 6. Be2 Nd7 7. Qd2 h6 8. O-O-O
a6 9. h4 Nf6 10. Nh2 h5 11. g4 Neg8 12. g5 Nd7 13. f4 Ne7 14. Bf3 Rb8 15. d5
Nb6 16. Bxb6 cxb6 17. dxe6 Bxe6 18. Qxd6 O-O 19. e5 Nf5 20. Qxd8 Rbxd8 21. Bxb7
Nxh4 22. Bxa6 Ng2 23. Rxd8 Rxd8 24. Bb7 Nxf4 25. Re1 Nh3 26. Nf3 Nf2 27. Ne4
Nxe4 28. Rxe4 Bxa2 29. b3 Rb8 30. Bd5 Rd8 31. Rd4 Kf8 32. Kb2 h4 33. Kxa2 h3
34. c4 h2 35. Rh4 b5 36. Rxh2 bxc4 37. bxc4 Rd7 38. Rb2 Ra7+ 39. Kb1 Ke7 40.
Rb7+ Rxb7+ 41. Bxb7 Kd7 42. Bd5 Ke8 43. Kc2 Bf8 44. Kb3 Bc5 45. Ka4 Ke7 46. Kb5
Ba7 47. c5 Bb8 48. Kb6 Kd8 49. Kb7 Bc7 50. Bxf7 Ba5 51. Bxg6 Ke7 52. c6 Kd8 53.
Bf5 Bc7 54. g6 1-0

[Event "OHS 2020"]
[Site "Herne-Sodingen"]
[Date "2020.02.10"]
[Round "3.19"]
[White "Koch, Burkhard"]
[Black "Neumann, Frank"]
[Result "1-0"]
[WhiteElo "1694"]
[BlackElo "1266"]
[PlyCount "81"]
[EventDate "2020.??.??"]
[WhiteTeam "SG Höntrop 1947"]
[BlackTeam "SV Waltrop 1922 e. V."]

1. e4 e5 2. Nf3 Nc6 3. Bb5 a6 4. Ba4 Nf6 5. O-O d6 6. d3 Be7 7. c3 O-O 8. h3 b5
9. Bc2 Bb7 10. Re1 Nb8 11. Nbd2 c5 12. Nf1 Nbd7 13. Ng3 Nb6 14. Nf5 d5 15. Bg5
h6 16. Bh4 dxe4 17. dxe4 Re8 18. Nxe5 Qxd1 19. Raxd1 Kf8 20. f4 Rad8 21. Nxe7
Rxd1 22. N7g6+ fxg6 23. Rxd1 Bxe4 24. Nxg6+ Kg8 25. Bxe4 Nxe4 26. Ne7+ Kh7 27.
Nf5 g5 28. fxg5 hxg5 29. Bf2 Rf8 30. g4 Nxf2 31. Kxf2 Nc4 32. Rd7+ Kg8 33. b3
Ne5 34. Rg7+ Kh8 35. Rxg5 Rd8 36. Rh5+ Kg8 37. Ne7+ Kf7 38. Rxe5 Re8 39. Rf5+
Kxe7 40. Re5+ Kf7 41. Rxe8 1-0

[Event "OHS 2020"]
[Site "Herne-Sodingen"]
[Date "2020.02.10"]
[Round "3.20"]
[White "Rath, Michael"]
[Black "Heiduk, Christopher"]
[Result "0-1"]
[WhiteElo "1822"]
[BlackElo "1500"]
[PlyCount "76"]
[EventDate "2020.??.??"]
[WhiteTeam "SV Königsspringer Halt"]
[BlackTeam "SV Datteln 1924"]

1. d4 c6 2. Nf3 d5 3. Bf4 Nd7 4. e3 Qb6 5. c4 dxc4 6. Bxc4 Qxb2 7. Nbd2 e6 8.
O-O Ngf6 9. a4 Qb6 10. h3 Be7 11. Qc2 Nd5 12. Rab1 Qd8 13. Bh2 N7b6 14. Bd3 Nb4
15. Qb3 Nxd3 16. Qxd3 Nxa4 17. Nc4 c5 18. Qb3 Nb6 19. Rfd1 Nxc4 20. Qb5+ Bd7
21. Qxc4 b5 22. Qc3 c4 23. d5 Bf6 24. Qb4 a5 25. Qd6 Qe7 26. Qc7 Qd8 27. dxe6
Qxc7 28. exf7+ Kxf7 29. Bxc7 Be8 30. Nd4 b4 31. Rdc1 c3 32. Nb3 a4 33. Na1 b3
34. Nxb3 axb3 35. Rxb3 Ba4 36. Ra3 c2 37. Rxa4 Rxa4 38. Rxc2 Rc8 0-1

[Event "OHS 2020"]
[Site "Herne-Sodingen"]
[Date "2020.02.10"]
[Round "3.21"]
[White "Ponto, Michael"]
[Black "Schmidt, Rolf-Günther"]
[Result "1-0"]
[WhiteElo "1618"]
[BlackElo "995"]
[PlyCount "55"]
[EventDate "2020.??.??"]
[WhiteTeam "SV Horst-Emscher 31"]
[BlackTeam "Recklinghäuser Schachgemeinschaf"]

1. e4 e5 2. Nf3 Nf6 3. Nc3 Nc6 4. d4 exd4 5. Nxd4 Bc5 6. Be3 Nxd4 7. Bxd4 Bxd4
8. Qxd4 O-O 9. O-O-O c6 10. e5 Nd5 11. Nxd5 cxd5 12. Qxd5 Qg5+ 13. Kb1 Re8 14.
Bc4 Qe7 15. f4 Rb8 16. Qd6 Qxd6 17. Rxd6 b5 18. Bd5 Bb7 19. Rxd7 Bxd5 20. Rxd5
a5 21. Rhd1 a4 22. g4 b4 23. h4 a3 24. b3 g6 25. h5 Re6 26. f5 Rc6 27. h6 gxf5
28. Rd8+ 1-0

[Event "OHS 2020"]
[Site "Herne-Sodingen"]
[Date "2020.02.10"]
[Round "3.22"]
[White "Böcher, Joachim"]
[Black "Eibl, Rüdiger"]
[Result "1/2-1/2"]
[WhiteElo "1480"]
[BlackElo "1605"]
[PlyCount "85"]
[EventDate "2020.??.??"]
[WhiteTeam "SG Höntrop 1947"]
[BlackTeam "SC Buer-Hassel 1919 e. V."]

1. d4 d6 2. c4 Nf6 3. Nf3 Nbd7 4. Bg5 c6 5. Nc3 Qc7 6. g3 h6 7. Bd2 e5 8. Qc2
Be7 9. Bg2 O-O 10. O-O exd4 11. Nxd4 Ne5 12. b3 Re8 13. Rac1 Bf8 14. Bf4 Bd7
15. Ne4 Nxe4 16. Bxe4 Bh3 17. Bg2 Bxg2 18. Kxg2 Ng6 19. Be3 a6 20. Nf3 Rad8 21.
Rfd1 Qe7 22. Re1 Ne5 23. Nxe5 Qxe5 24. Bd2 d5 25. Bf4 Qe6 26. e3 Rc8 27. c5 g5
28. Bd6 Bxd6 29. cxd6 Qxd6 30. Qc5 Qxc5 31. Rxc5 b6 32. Rc2 d4 33. e4 c5 34. f4
Re7 35. Kf3 f5 36. e5 g4+ 37. Kf2 h5 38. Ke2 Kf7 39. Kd3 Ke6 40. b4 Kd5 41.
Rec1 Re6 42. a4 Rec6 43. Rc4 1/2-1/2

[Event "OHS 2020"]
[Site "Herne-Sodingen"]
[Date "2020.02.10"]
[Round "3.23"]
[White "Ehm, Christian"]
[Black "Lojack, Rouven"]
[Result "0-1"]
[WhiteElo "1282"]
[BlackElo "1527"]
[PlyCount "58"]
[EventDate "2020.??.??"]
[WhiteTeam "Bochumer SV 02"]
[BlackTeam "SV Königsspringer Halt"]

1. d4 Nf6 2. Nf3 e6 3. c4 Bb4+ 4. Bd2 a5 5. a3 Be7 6. Nc3 d5 7. cxd5 Nxd5 8. g3
O-O 9. Bg2 c6 10. O-O b5 11. Ne5 f6 12. Nd3 Qb6 13. e3 Ba6 14. Nxd5 exd5 15.
Re1 Nd7 16. Nf4 Rac8 17. Qg4 f5 18. Qf3 Nf6 19. Bh3 Ne4 20. Bc3 b4 21. Qh5 g6
22. Nxg6 Rf7 23. Bxf5 hxg6 24. Qxg6+ Rg7 25. Be6+ Kh8 26. Qh5+ Rh7 27. Qg6 Rb8
28. Bf5 Nf6 29. e4 Rg8 0-1

[Event "OHS 2020"]
[Site "Herne-Sodingen"]
[Date "2020.02.17"]
[Round "4.1"]
[White "Ophüls, Jan"]
[Black "Quast, Marcel"]
[Result "0-1"]
[WhiteElo "2090"]
[BlackElo "2236"]
[PlyCount "64"]
[EventDate "2020.??.??"]
[WhiteTeam "SK Turm Rheydt 1929 e. V"]
[BlackTeam "SC Gerthe 46 - Werne"]

1. e4 Nf6 2. e5 Nd5 3. d4 d6 4. c4 Nb6 5. exd6 exd6 6. Nc3 Nc6 7. d5 Ne5 8. f4
Ned7 9. Nf3 Be7 10. Be2 O-O 11. O-O Re8 12. b3 Bf6 13. Bb2 Qe7 14. Bd3 Nc5 15.
Re1 Qf8 16. Bc2 Bg4 17. Kf2 g6 18. h3 Bxf3 19. Qxf3 Qg7 20. Kg1 a5 21. a4 Nbd7
22. Rad1 Na6 23. Rb1 Nb4 24. Rec1 Bd4+ 25. Kf1 Re3 26. Qf2 Rxc3 27. Bxc3 Bxc3
28. Qe2 Bf6 29. Re1 Bh4 30. Red1 Qf6 31. Qg4 Nxc2 32. Rd3 Ne5 0-1

[Event "OHS 2020"]
[Site "Herne-Sodingen"]
[Date "2020.02.17"]
[Round "4.2"]
[White "Koscielski, Janusz"]
[Black "Kiese, Matthias"]
[Result "1-0"]
[WhiteElo "2215"]
[BlackElo "2176"]
[PlyCount "107"]
[EventDate "2020.??.??"]
[WhiteTeam "SV Wattenscheid 1930 e"]
[BlackTeam "Bochumer SV 02"]

1. e4 c5 2. Nf3 d6 3. Bb5+ Bd7 4. Bxd7+ Qxd7 5. c4 Nf6 6. Nc3 g6 7. d4 cxd4 8.
Nxd4 Bg7 9. f3 O-O 10. Be3 Rc8 11. b3 Nc6 12. O-O a6 13. Qd3 Qd8 14. Rad1 Qa5
15. Nxc6 Rxc6 16. a4 e6 17. Kh1 Rac8 18. Bd4 Nd7 19. Bxg7 Kxg7 20. Rb1 Qh5 21.
f4 Nf6 22. Rbe1 Nd7 23. Rf3 Nc5 24. Qd1 Rb6 25. Ne2 Qh4 26. a5 Rbc6 27. Rh3 Qf6
28. Nd4 R6c7 29. Qd2 e5 30. fxe5 dxe5 31. Qh6+ Kg8 32. Nf5 Qh8 33. Qg5 Ne6 34.
Qg4 h5 35. Qg3 Nf4 36. Rh4 Rd8 37. Rxf4 exf4 38. Qxf4 Qc3 39. Nh6+ Kg7 40. Rf1
Rcd7 41. Nxf7 Rf8 42. Qh6+ Kg8 43. Qxg6+ Qg7 44. Nh6+ Kh8 45. Qxg7+ Kxg7 46.
Nf5+ Kh7 47. h3 Rd2 48. Rf3 Rg8 49. Nh4 Re2 50. Rf4 Rg7 51. c5 Re7 52. Nf3 Kg6
53. e5 Rb2 54. b4 1-0

[Event "OHS 2020"]
[Site "Herne-Sodingen"]
[Date "2020.02.17"]
[Round "4.3"]
[White "Cobanoglu, Ferhat"]
[Black "Schmidt, Ralph"]
[Result "1-0"]
[WhiteElo "1743"]
[BlackElo "1913"]
[PlyCount "135"]
[EventDate "2020.??.??"]
[WhiteTeam "SK Sodingen/Castrop 24/23 e. V."]
[BlackTeam "SV Bochum-Linden-Dahlh"]

1. e4 e5 2. d3 Bc5 3. Nf3 d6 4. Be2 Ne7 5. c3 O-O 6. b4 Bb6 7. a4 c6 8. Nbd2 f5
9. Nc4 Bc7 10. Qb3 Kh8 11. Ne3 f4 12. Nf1 Rf6 13. Bb2 Be6 14. Qc2 h6 15. d4 Nd7
16. N1d2 Qg8 17. c4 Rc8 18. c5 Ng6 19. Nc4 Bxc4 20. Bxc4 d5 21. Ba2 Re8 22.
O-O-O exd4 23. exd5 cxd5 24. Rxd4 Ne7 25. Re1 Nc6 26. Rde4 Rxe4 27. Rxe4 Rf8
28. b5 Nd8 29. Nh4 dxe4 30. Bxg8 Kxg8 31. Qxe4 Nxc5 32. Qc4+ Nce6 33. Qd5 b6
34. Ng6 Rf7 35. Ba3 Kh7 36. Ne7 Kh8 37. Nc6 Kh7 38. f3 g6 39. h4 Rf5 40. Qd7+
Rf7 41. Qe8 Ng7 42. Qe4 Nf5 43. Nxd8 Bxd8 44. Qe8 Rc7+ 45. Kb1 Bxh4 46. Bb2 Ng7
47. Qb8 Rf7 48. Bd4 g5 49. a5 h5 50. a6 g4 51. Bxb6 axb6 52. a7 Rxa7 53. Qxa7
Bf2 54. Qf7 Be3 55. Kc2 g3 56. Kd3 Kh6 57. Qf6+ Kh7 58. Kc4 Kg8 59. Kd5 Kh7 60.
Kc6 Kg8 61. Kd7 Kh7 62. Ke7 Kg8 63. Qf7+ Kh7 64. Kf6 Bd4+ 65. Kg5 Be5 66. Qd7
Kg8 67. Kg6 Kf8 68. Qf7# 1-0

[Event "OHS 2020"]
[Site "Herne-Sodingen"]
[Date "2020.02.17"]
[Round "4.4"]
[White "Gritzan, Ulrich"]
[Black "Hammerich, Simon"]
[Result "0-1"]
[WhiteElo "1805"]
[BlackElo "2032"]
[PlyCount "78"]
[EventDate "2020.??.??"]
[WhiteTeam "SF Gelsenkirchen 2002"]
[BlackTeam "SC Buer-Hassel 1919 e. V."]

1. c4 e6 2. d4 d5 3. Nf3 c5 4. Nc3 Nc6 5. g3 Nf6 6. cxd5 exd5 7. Bg2 cxd4 8.
Nxd4 Bc5 9. Nb3 Bb6 10. Nxd5 Be6 11. Nxb6 Qxd1+ 12. Kxd1 axb6 13. Bxc6+ bxc6
14. Kc2 O-O 15. Bg5 Nd5 16. a3 h6 17. Bd2 Bf5+ 18. Kd1 Rfe8 19. Nd4 Bd7 20. Rc1
c5 21. Nc2 Ba4 22. Ke1 Rad8 23. Ne3 Bb5 24. h4 Re6 25. Rd1 Ba4 26. Rc1 Rde8 27.
h5 Nf6 28. Rh4 Ne4 29. Bc3 Bb5 30. Rg4 f6 31. Nd5 Bxe2 32. Rh4 Nxc3 33. Rxc3
Bxh5+ 34. Ne3 Bg6 35. Ra4 Rd8 36. Ke2 Bh5+ 37. g4 b5 38. Rf4 g5 39. Rf3 Bxg4
0-1

[Event "OHS 2020"]
[Site "Herne-Sodingen"]
[Date "2020.02.17"]
[Round "4.5"]
[White "Wolff, Christoph"]
[Black "Boxberg, Olaf"]
[Result "1-0"]
[WhiteElo "1964"]
[BlackElo "1796"]
[PlyCount "51"]
[EventDate "2020.??.??"]
[WhiteTeam "SC Buer-Hassel 1919 e. V."]
[BlackTeam "SV Datteln 1924"]

1. e4 c5 2. Nf3 a6 3. c3 d5 4. exd5 Qxd5 5. d4 Nc6 6. Be2 cxd4 7. O-O Nf6 8.
cxd4 e6 9. Nc3 Qd6 10. Qa4 Qb4 11. Qc2 Be7 12. a3 Qd6 13. Ne4 Nxe4 14. Qxe4 f5
15. Qf4 h6 16. Ne5 Nxe5 17. dxe5 Qb6 18. Bh5+ Kf8 19. Bg6 Bd7 20. Be3 Qc7 21.
Rfd1 Bc6 22. Rac1 Rd8 23. Rd6 Rxd6 24. exd6 Bxd6 25. Bc5 Ke7 26. Qe5 1-0

[Event "OHS 2020"]
[Site "Herne-Sodingen"]
[Date "2020.02.17"]
[Round "4.6"]
[White "Wiechen, Ulrich"]
[Black "Schicktanz, Florian"]
[Result "1-0"]
[WhiteElo "1910"]
[BlackElo "1748"]
[PlyCount "61"]
[EventDate "2020.??.??"]
[WhiteTeam "SC Buer-Hassel 1919 e. V."]
[BlackTeam "SV Erkenschwick 1923 e"]

1. e4 c5 2. Nf3 Nc6 3. d4 cxd4 4. Nxd4 g6 5. Bc4 Bg7 6. Be3 d6 7. Nc3 Nf6 8. f3
O-O 9. Qd2 Ne5 10. Bb3 Bd7 11. Bh6 Rc8 12. Bxg7 Kxg7 13. O-O-O Qa5 14. g4 Nc4
15. Qd3 Ne5 16. Qf1 Nc6 17. h4 h5 18. gxh5 Nxh5 19. Rg1 Nf4 20. Nde2 Nxe2+ 21.
Qxe2 Qh5 22. Qe3 Qh6 23. f4 Be6 24. Bxe6 fxe6 25. Rg5 Qxh4 26. Ne2 e5 27. f5
Rf6 28. Rdg1 Rh8 29. Rxg6+ Kf8 30. Qb3 Nd8 31. Rg8+ 1-0

[Event "OHS 2020"]
[Site "Herne-Sodingen"]
[Date "2020.02.17"]
[Round "4.7"]
[White "Olbrich, Peter"]
[Black "Czarnik, Jozef"]
[Result "0-1"]
[WhiteElo "1717"]
[BlackElo "1897"]
[PlyCount "102"]
[EventDate "2020.??.??"]
[WhiteTeam "SF Gelsenkirchen 2002"]
[BlackTeam "SV Königsspringer Halt"]

1. Nf3 e6 2. g3 d5 3. Bg2 Nf6 4. O-O Be7 5. d3 O-O 6. Nbd2 c5 7. e4 Nc6 8. Re1
Qc7 9. e5 Nd7 10. Qe2 b5 11. Nf1 a5 12. a3 Ba6 13. Bf4 Rfc8 14. Ne3 Nd4 15.
Nxd4 cxd4 16. Nxd5 exd5 17. e6 Bd6 18. Bxd5 Nf6 19. exf7+ Kf8 20. Bxa8 Rxa8 21.
Qf3 Rc8 22. Re6 Bxf4 23. Rxa6 Bd2 24. Qe2 Qxc2 25. Ra7 Qc5 26. Rb7 Bc1 27. b4
Qd6 28. bxa5 Bxa3 29. a6 Qxa6 30. Qf3 Rc1+ 31. Rxc1 Bxc1 32. Rc7 Ba3 33. g4 h6
34. h4 Bd6 35. Rc6 Qb7 36. Kg2 Qd7 37. Rb6 Bc7 38. Rc6 Qxf7 39. g5 hxg5 40.
hxg5 Nd5 41. Qg4 g6 42. Qxd4 Ke8 43. Qe4+ Kd7 44. Rc5 Kd6 45. d4 Qe6 46. Qf3
Qf5 47. Qg3+ Kd7 48. Qb3 Qe4+ 49. Kf1 Qh1+ 50. Ke2 Qe4+ 51. Kd2 Qxd4+ 0-1

[Event "OHS 2020"]
[Site "Herne-Sodingen"]
[Date "2020.02.17"]
[Round "4.8"]
[White "Löffelbein, Klaus"]
[Black "Wingerning, Gerd"]
[Result "1/2-1/2"]
[WhiteElo "1843"]
[BlackElo "1740"]
[PlyCount "134"]
[EventDate "2020.??.??"]
[WhiteTeam "SC Gerthe 46 - Werne"]
[BlackTeam "SC Buer-Hassel 1919 e. V."]

1. d4 c5 2. d5 Nf6 3. Nc3 d6 4. e4 g6 5. Nf3 Bg7 6. Be2 a6 7. a4 O-O 8. O-O e6
9. Nd2 b6 10. Nc4 e5 11. f4 Ne8 12. Qe1 f5 13. fxe5 dxe5 14. Bf3 Nd6 15. Qe2
Nxc4 16. Qxc4 Qd6 17. Rb1 Nd7 18. Be3 Bb7 19. Rfd1 Rac8 20. Qe2 Nf6 21. Bf2 h6
22. Qd2 Kh7 23. Qd3 Nd7 24. Re1 Rce8 25. Ne2 Bc8 26. g4 f4 27. Kh1 g5 28. Rg1
Bf6 29. c4 Bb7 30. Nc3 Rc8 31. Na2 Kg7 32. Rgc1 Rg8 33. Qe2 Rb8 34. b3 Rgc8 35.
Rb2 Kh7 36. Rcb1 Be7 37. Be1 Ba8 38. Qd3 Kg7 39. Qc3 Bd8 40. Bf2 Kh7 41. Nc1
Be7 42. Nd3 a5 43. Qe1 Rh8 44. h3 Bb7 45. Bg1 Rbg8 46. Rh2 Kg7 47. Rbb2 Bf6 48.
Rbg2 Kf7 49. Nc1 Ba6 50. Ne2 Bc8 51. Nc3 Ba6 52. Bf2 Be7 53. Qg1 Bf6 54. h4 Be7
55. hxg5 hxg5 56. Rxh8 Rxh8+ 57. Rh2 Rxh2+ 58. Qxh2 Kg7 59. Kg1 Qh6 60. Qg2 Bd8
61. Be1 Be7 62. Nd1 Qd6 63. Bc3 Bf6 64. Nf2 Bb7 65. Nd3 Ba6 66. Qh3 Bc8 67. Qh5
Qe7 1/2-1/2